Practical Record book of Nursing Foundation for Bsc Nursing students (Record no. 1383)
[ view plain ]
| 000 -LEADER | |
|---|---|
| Fixed length control field | 00518nam a2200181Ia 4500 |
| 003 - CONTROL NUMBER IDENTIFIER | |
| Control field | IIN |
| 005 - DATE AND TIME OF LATEST TRANSACTION | |
| Control field | 20240131214008.0 |
| 008 - FIXED-LENGTH DATA ELEMENTS--GENERAL INFORMATION | |
| Fixed length control field | 231217s9999 xx 000 0 und d |
| 020 ## - INTERNATIONAL STANDARD BOOK NUMBER / ISBN | |
| Price | Rs.595.00 |
| International Standard Book Number | 9789388108966 |
| 040 ## - CATALOGING SOURCE | |
| Original cataloging agency | IIN |
| Language of cataloging | English |
| 082 ## - DEWEY DECIMAL CLASSIFICATION NUMBER | |
| Classification number | 610.73 |
| Book Number | KAU |
| 100 1# - MAIN ENTRY--PERSONAL NAME | |
| Personal name | Kaur, Amandeep |
| 245 1# - TITLE STATEMENT | |
| Title | Practical Record book of Nursing Foundation for Bsc Nursing students |
| Statement of responsibility | Amandeep Kaur |
| 260 ## - IMPRINT | |
| Name of publisher | CBS |
| Place of publication | New Delhi |
| Date of publication | 2019 |
| 300 ## - PHYSICAL DESCRIPTION | |
| Page / Vol. No | [6];242p. |
| 650 1# - SUBJECT ADDED ENTRY--TOPICAL TERM | |
| Topical term | Record Book |
| Form subdivision | Nursing Foundation |
| 942 ## - ADDED ENTRY ELEMENTS (KOHA) | |
| Koha item type | Books |
| Withdrawn status | Lost status | Damaged status | Not for loan | Collection code | Home library | Current library | Date acquired | Price | Total Checkouts | Call number | Accession number | Date last seen | Price effective from | Koha item type |
|---|---|---|---|---|---|---|---|---|---|---|---|---|---|---|
| IDEAL INSTITUTE OF NURSING | IDEAL INSTITUTE OF NURSING | 17/12/2023 | 595.00 | 610.73 KAU | 1377 | 17/12/2023 | 17/12/2023 | Books | ||||||
| IDEAL INSTITUTE OF NURSING | IDEAL INSTITUTE OF NURSING | 17/12/2023 | 595.00 | 610.73 KAU | 1378 | 17/12/2023 | 17/12/2023 | Books | ||||||
| IDEAL INSTITUTE OF NURSING | IDEAL INSTITUTE OF NURSING | 17/12/2023 | 595.00 | 610.73 KAU | 1379 | 17/12/2023 | 17/12/2023 | Books |
